02017nam a2200289 4500001000400000003000400004005001700008008004100025040000800066041001300074082001500087100003100102240006100133245007400194260003700268300001100305520123700316650002301553650002601576650002001602650001601622650001601638650001001654655001201664655001601676700003501692189OSt20250528074014.0250131b |||||||g |||| 00| 1 eng d bpor hengapor a823bD314m1 aDefoe, Daniel,d1661?-1731 aThe fortunes and Misfortunes of the famous Moll Flanders aMoll Flanders /cDefoe, Daniel ; Tradução de Antônio Alves Cury aSão PaulobNova Culturalc1987 a356 p. aThe Fortunes & Misfortunes of the Famous Moll Flanders (também conhecido como Moll Flanders ) é um romance de Daniel Defoe, publicado pela primeira vez em 1722. Ele pretende ser o relato verdadeiro da vida da homônima Moll, detalhando suas façanhas desde o nascimento até a velhice. Em 1721, Defoe se tornou um romancista reconhecido, com o sucesso de Robinson Crusoé em 1719. Seu trabalho político estava diminuindo neste ponto, devido à queda dos líderes do partido Whig e Tory com os quais ele estava associado (Robert Walpole estava começando sua ascensão). Defoe nunca se sentiu totalmente em casa com o grupo Walpole. As visões Whig de Defoe são, no entanto, evidentes na história de Moll. O título completo do romance dá uma ideia disso e do esboço do enredo: "As fortunas e infortúnios da famosa Moll Flanders, etc., que nasceu em Newgate e, durante uma vida de contínua variedade por sessenta anos, além da infância, foi prostituta por doze anos, esposa cinco vezes (uma delas do próprio irmão), ladra por doze anos, criminosa deportada por oito anos na Virgínia, finalmente enriqueceu, viveu honestamente e morreu penitente. Escrito a partir de seus próprios memorandos." 0aLiteratura Inglesa 0aExperiência de vida 0aAmor e Paixão 0aHistórico 0aClássicos 0aFilme 0aRomance 0aFicção  aAntônio Alves CuryeTradutor